| 000 | 00499nam a2200205Ia 4500 | ||
|---|---|---|---|
| 008 | 170918s9999 xx 000 0 und d | ||
| 020 | _a9780312595128 | ||
| 050 | _bC346fl 2010 | ||
| 100 | _aCast, P.C. | ||
| 245 | 4 | _aThe fledgling handbook 101 : | |
| 245 | _bhouse of night / | ||
| 245 | _cby P.C. Cast. | ||
| 250 | _aFirst edition | ||
| 260 | _aNew York : | ||
| 260 | _bSt. Martin Griffin, | ||
| 260 | _c2010 | ||
| 300 | _a157 pages : | ||
| 300 | _billustrations ; | ||
| 300 | _c21cm. | ||
| 999 |
_c343862 _d343862 |
||